000 00185 a2200097 4500
020 _a9780545458870
041 _aspa
100 _aarlon penelope
245 _alos penguinos
942 _cBK
999 _c10884
_d10884